000 00558nam a2200205Ia 4500
003 GCL
008 140319s9999 xx 000 0 eng d
040 _aGCL /
_cGCL
082 0 4 _a951
_bT W
100 1 _aTREADGOLD, DONALD, W.
245 1 0 _aTHE WEST IN RUSSIA AND CHINA, VOLUME 2 CHINA, 1582 - 1949 /
_cTREADGOLD, DONALD, W.
260 _a[S.N] :
_bCAMBRIBGE UNIVERSITY PRESS ،
_c1973
300 _a251 P
650 0 4 _aSYNCERTISM
650 0 4 _aLIBERALISM
650 0 4 _aCHINA
650 0 4 _aRUSSIA
650 0 4 _aCHRISRIAN HUMENISM
942 _2ddc
_cBK
999 _c21679
_d21679